ბათუმის შოთა რუსთაველის სახელმწიფო უნივერსიტეტის ბიბლიოთეკა

ალისულთან ბოლქვაძე და 1929 წლის აჯანყება აჭარაში / (ბიბ.ჩანაწერი № 39694)

000 -ლიდერი
ფიქსირებული სიგრძის საკონტროლო ველი 01208nam a2200241Ia 4500
001 - საკონტროლო ნომერი
საკონტროლო ველი 6297
003 - საკონტროლო ნომრის იდენტიფიკატორი
საკონტროლო ველი GE_BSU
005 - ბოლო ოპერაციის თარიღი და დრო
საკონტროლო ველი 20191101171047.0
008 - ფიქსირებული სიგრძის მონაცემთა ელემენტები - ზოგადი ინფორმაცია
ფიქსირებული სიგრძის საკონტროლო ველი 181216s2012||||ge |||||||||||||| ||geo||
040 ## - კატალოგიზაციის წყარო
Transcribing agency GE_BSU
041 ## - ენის კოდი
Language code of text/sound track or separate title geo
080 ## - უნივერსალური ათობითი კლასიფიკაციის ინდექსი
Universal Decimal Classification number 94(479.223) ბ-83
100 ## - მთავარი ჩანაწერი - პიროვნების სახელი
Personal name ბოლქვაძე, ნიაზ
9 (RLIN) 4841
245 ## - ცნობა სათაურის შესახებ
Title ალისულთან ბოლქვაძე და 1929 წლის აჯანყება აჭარაში /
Statement of responsibility, etc ნიაზ ბოლქვაძე ; რედ. თამაზ ფუტკარაძე ; [წინათქმა ოთარ გაგუა
264 ## - წარმოების, გამოცემის, დისტრიბუციის და სხვა ცნობები
გამოცემის, წარმოების, დისტრიბუციის... ადგილი ბათუმი :
გამოცემის, წარმოების, დისტრიბუციის... სახელწოდება შოთა რუსთაველის სახ. უნ–ტის გამ-ბა,
გამოცემის, წარმოების, დისტრიბუციის... თარიღი 2012.
300 ## - ფიზიკური აღწერა
Extent 61 გვ.:
Other physical details ფოტ. ;
Dimensions 20 სმ.
504 ## - BIBLIOGRAPHY, ETC. NOTE
Bibliography, etc ბიბლიოგრ.: გვ. 60-61.
653 ## - INDEX TERM--UNCONTROLLED
Uncontrolled term აჭარის ისტორია, XX ს.
653 ## - INDEX TERM--UNCONTROLLED
Uncontrolled term 1929 წლის აჯანყება აჭარაში
700 ## - ADDED ENTRY--PERSONAL NAME
Personal name ფუტკარაძე, თამაზ
Relator term რედაქტორი
9 (RLIN) 5226
700 ## - ADDED ENTRY--PERSONAL NAME
Personal name გაგუა, ოთარ
Relator term წინათქმა
9 (RLIN) 5227
942 ## - ADDED ENTRY ELEMENTS (KOHA)
Koha item type წიგნი
Source of classification or shelving scheme
ეგზემპლარები
ჩამოწერის სტატუსი დაკარგული ეგზემპლარის სტატუსი კლასიფიკაციის წყარო ან თაროზე გაწყობის სქემა დაზიანების სტატუსი არ გაიცემა მუდმივი მდებარეობა (დაცვის ადგილი) ამჟამინდელი ადგილსამყოფელი თაროზე განთავსების ადგილი შეძენის თარიღი ღირებულება, შესყიდვის ნორმალური ფასი სრული შენახვის შიფრი შტრიხკოდი ბოლო ოპერაციის თარიღი ეგზემპლარის მიმდევრობითი ნომერი (კეტერი?) ფასის ძალაში შესვლის თარიღი ეგზემპლარის სახეობა საჯარო შენიშვნა
          ბათუმის შოთა რუსთაველის სახელმწიფო უნივერსიტეტის მთავარი ბიბლიოთეკა ბათუმის შოთა რუსთაველის სახელმწიფო უნივერსიტეტის მთავარი ბიბლიოთეკა წიგნსაცავი 2018-12-17 1.00 94(479.223) ბ-83 6677 2018-12-17 6677 2018-12-17 წიგნი 1 ლ. 83 თ.
          ბათუმის შოთა რუსთაველის სახელმწიფო უნივერსიტეტის მთავარი ბიბლიოთეკა ბათუმის შოთა რუსთაველის სახელმწიფო უნივერსიტეტის მთავარი ბიბლიოთეკა წიგნსაცავი 2018-12-17 1.00 94(479.223) ბ-83 6678 2018-12-17 6678 2018-12-17 წიგნი 1 ლ. 83 თ.
          ბათუმის შოთა რუსთაველის სახელმწიფო უნივერსიტეტის მთავარი ბიბლიოთეკა ბათუმის შოთა რუსთაველის სახელმწიფო უნივერსიტეტის მთავარი ბიბლიოთეკა წიგნსაცავი 2018-12-17 1.83 94(479.223) ბ-83 6679 2018-12-17 6679 2018-12-17 წიგნი 1 ლ. 83 თ.
          ბათუმის შოთა რუსთაველის სახელმწიფო უნივერსიტეტის მთავარი ბიბლიოთეკა ბათუმის შოთა რუსთაველის სახელმწიფო უნივერსიტეტის მთავარი ბიბლიოთეკა წიგნსაცავი 2018-12-17 1.00 94(479.223) ბ-83 6680 2018-12-17 6680 2018-12-17 წიგნი 1 ლ. 83 თ.
          ბათუმის შოთა რუსთაველის სახელმწიფო უნივერსიტეტის მთავარი ბიბლიოთეკა ბათუმის შოთა რუსთაველის სახელმწიფო უნივერსიტეტის მთავარი ბიბლიოთეკა   2018-12-17 1.00 94(479.223) ბ-83 6681 2018-12-17 6681 2018-12-17 წიგნი 1 ლ. 83 თ.